Quizzes
Events
Quiz Creation
Community
Videos
Private Events
Remove Ads
Sign In
Join for FREE
Feedback
Dark Mode
Quiz Categories
Sports
Geography
Music
Movies
Television
Just For Fun
Miscellaneous
History
Literature
Language
Science
Gaming
Entertainment
Religion
Holiday
For Kids
Quiz Lab
Recent
Popular Today
Quiz Kudos Today
Editor Picks
Curator Picks
Quizzes by...
Day
Popularity
Type
Ratings
Length
Year
Community
Subscriptions
Recent Discussions
Orange Saloon
Badges
Playlists
Quests
Create
Leaderboards
Showdown
Live 5
Trivia Bingo
Activity
Puzzle Library
Sporcle Events
Private Events
Virtual Trivia
Globe League
Become a Host
Pub Owners
SporcleCon
Opinionation
Our Games
Videos
Blog
Mobile Apps
Partnerships
Remove Ads and Go Orange
Feedback
Literature
Harry Potter
A Song of Ice and Fire
The Hunger Games
Literary Character
Shakespeare
Book
Author
Novel
Poem
Young Adult
Children's Books
Play
Lord of the Rings
Literature
Harry Potter
A Song of Ice and Fire
The Hunger Games
Literary Character
Shakespeare
Book
Author
Novel
Poem
Young Adult
Children's Books
Play
Lord of the Rings
Random Quiz
Search Sporcle
×
Curator Pick
Curator Pick
Literature
Author
Type in answers that appear in a list
Type in answers that appear in a list
Classic
Best Score? Go Orange.
Jane Austen Characters Stats
Can you name the Jane Austen novel each character belongs too?
By
shwie529
6m
40 Questions
6,806 Plays
6,806 Plays
6,806 Plays
Comments
Comments
Give Quiz Kudos
Give Quiz Kudos
-
- Ratings
hide this ad
Forced Order
Answers have to be entered in order
Answers have to be entered in order
Random Order
Randomize order of answers
Randomize order of answers
Replay
Link that replays current quiz
Next Quiz
Link to next quiz in quiz playlist
You Got
0%
They Got
Avg Score
78%
Avg Friend Score
Upgrade to see
Score Distribution
Jump to the score distribution portion of the page
Score
0/40
Timer
06:00
0
Plays Today
Character
Novel
% Correct
Elizabeth Bennett
Pride and Prejudice
92.6%
Fitzwilliam Darcy
Pride and Prejudice
92.4%
Emma Woodhouse
Emma
91.5%
Charles Bingley
Pride and Prejudice
91.3%
Lady Catherine de Bourgh
Pride and Prejudice
90.6%
George Wickham
Pride and Prejudice
90.4%
Charlotte Lucas
Pride and Prejudice
90%
Mr. Collins
Pride and Prejudice
89.8%
Marianne Dashwood
Sense and Sensibility
88.1%
George Knightley
Emma
86.5%
Jane Fairfax
Emma
86%
Harriet Smith
Emma
85.8%
Colonel Brandon
Sense and Sensibility
84.9%
Frank Churchill
Emma
84.2%
John Willoughby
Sense and Sensibility
84.2%
Edward Ferrars
Sense and Sensibility
83.2%
Fannie Price
Mansfield Park
82.2%
Anne Elliot
Persuasion
80.8%
Lucy Steele
Sense and Sensibility
80.5%
Robert Martin
Emma
79.9%
Character
Novel
% Correct
Mr. Gardiner
Pride and Prejudice
77.8%
Frederick Wentworth
Persuasion
77.6%
Colonel Forster
Pride and Prejudice
77.4%
Admiral Croft
Persuasion
76.2%
Catherine Morland
Northanger Abbey
75.6%
Lousia Musgrove
Persuasion
74.8%
Henry Tilney
Northanger Abbey
73.4%
Mary Crawford
Mansfield Park
73.3%
Maria Bertrum
Mansfield Park
71.7%
Lady Russel
Persuasion
71.6%
Isabella Thorpe
Northanger Abbey
70.7%
Mrs. Jennings
Sense and Sensibility
70.4%
Mrs. Phillips
Pride and Prejudice
70.2%
Sir John Middleton
Sense and Sensibility
68.6%
Mr. Hurst
Pride and Prejudice
67.1%
Mr. Rushworth
Mansfield Park
64.2%
Charlotte Palmer
Sense and Sensibility
63.1%
Mr. Allen
Northanger Abbey
60.2%
Mr. Yates
Mansfield Park
58.3%
Mr. Shepherd
Persuasion
53.7%
Quiz Playlist
Details
Report
Send in Message
Add To Playlist
Classic:
Type in answers that appear in a list
Forced Order:
Answers have to be entered in order
Random Order:
Randomize order of answers
Last Updated: Feb 16, 2017
Curator Pick in
Novel
Quiz Scoreboard
CHALLENGE
Sign Up to Join the Scoreboard
Show All
Scores
Hide
Comments
May contain spoilers
Recently Published
Movies - When Are They Set?
by FPL_Elf
Movies
5m
Popular People in 1961
by mucciniale
History
6m
1-10 Letter E Words III
by El_Dandy
Language
2m
More to Explore
Quiz From the Vault
Featured Blog Post
Where Did the Easter Bunny Come From?
hide this ad
You Might Also Like...
Tags
Author Quiz
Novel Quiz
austen
Character
jane
Jane Austen
too
Today's Top Quizzes in Literature
Browse Literature
hide this ad
Today's Top Quizzes in Author
Browse Author
Top Contributed Quizzes in Literature
1
Sneaky Slytherin Logic Puzzle
2
One Thing in Common: Literature
3
Get The Picture: Black or White Literature
4
Harry Potter Neighbourly Logic Puzzle #3
5
Weasley Family Reunion: Logic Puzzle
6
One Thing in Common: Books
7
One Thing in Common: Literature II
8
Harry Potter Neighbourly Logic Puzzle #1
9
Harry Potter Neighbourly Logic Puzzle #5
10
Harry Potter Neighbourly Logic Puzzle #6
Explore More
Trending Topics
Disney
Kpop
Marvel
NBA
Harry Potter
Crossword
Anime
NFL
Song
The Office
Soccer
Pokémon
Country
Puzzle
WWE
hide this ad
More By:
shwie529
Quiz
Plays
Rating
Category
Featured
Created
Jane Austen Characters
6,806
4.11
Literature
Dec 22, 2009
Billboard top 100
474
4.00
Music
Dec 29, 2009
Ewan McGregor movies
162
3.50
Movies
Dec 18, 2009
Billboard Country Songs
102
Music
Dec 29, 2009
Go to Creator's Profile
Score Distribution
Quiz Creator Spotlight
shwie529
Follow
Send a Message
Quizzes Created
-
Created Quiz Play Count
-
More By This Creator
Popular Quizzes Today
1
Find the Countries of Europe - No Outlines Minefield
2
Find the US States - No Outlines Minefield
3
The Countries of the World
4
Popular People in 1961
5
US States
6
1-10 Letter E Words III
7
Find the US States
8
One Thing in Common: World Cities II
More Literature Quizzes
Match the Book to the Film X
Published
Trending Quizzes
Risky Map Clicking: Least Populous States A-Z
1-10 Letter F Words
1-10 Letter G Words
One Thing in Common: United Kingdom
Risky Map Clicking: Next State Alphabetically
Recently Updated
Leaping Animals
pecheneg
Reality TV Shows (A-Z)
bhenderson79
Rickey Henderson's Hall of Fame Teammates
pecheneg
Champions League XIs: Arsenal
pecheneg
Quick Pick: Celebrities in WWE's Hall of Fame
aduchscher
A-Z Keypad Blitz II
pecheneg
Multiple Oscar Actors
pecheneg
Mystery Phrase Blitz: Oscar 'Best Actors'
pecheneg
F. Scott Fitzgerald Novels
LTH
Pick 3 Villains
ddd62291
Trending Topics
NBA
Harry Potter
Crossword
Anime
Disney
Marvel
Kpop
Soccer
The Office
Puzzle
Song
Country
WWE
Pokémon
NFL
Your Account Isn't Verified!
In order to create a playlist on Sporcle, you need to verify the email address you used during registration. Go to your
Sporcle Settings
to finish the process.
Report this User
Report this user for behavior that violates our
Community Guidelines
.
Details:
Send Report
Go to the Sporcle.com Mobile Site →
Comments